Tangible strategies for intangible assets (Бичлэгийн дугаар. 145317)
| 000 -УДИРДЛАГА | |
|---|---|
| Удирдлага | 01088nam a22003257a 4500 |
| 003 - ХЯНАЛТЫН ТОО ТОДОРХОЙЛОГЧ | |
| Код | MN-UlNUM |
| 005 - БИЧИЛТ ХИЙСЭН ОГНОО | |
| Тухайн бичилтийг бичсэн засварласан сүүлийн огноо | 20251105113846.0 |
| 008 - ЕРӨНХИЙ МЭДЭЭЛЭЛ | |
| Ерөнхий мэдээлэл | 251105s2004 nyuab||| |||| 001 0 eng d |
| 020 ## - ISBN | |
| ISBN | 0071412867 |
| 040 ## - БИЧЛЭГ ҮҮСГЭГЧ БАЙГУУЛЛАГА | |
| Бичлэг үүсгэгч номын сангийн код | МУИС-ийн номын сан |
| 084 ## - ББК АНГИЛАЛ | |
| Нэмэлт тусгалт | Нэг сэдэвт бүтээл |
| ББК ангилал | 65.26 |
| Зохиогчийн гурван тэмдэгт | B 45 |
| Мэдлэгийн ялгаа | 65 - Эдийн засаг |
| 100 1# - ЗОХИОГЧ | |
| Зохиогчийн нэр | Berry, John, |
| Зохиогчийн огноо | 1960- |
| 245 10 - ҮНДСЭН ГАРЧИГ | |
| Номын нэр | Tangible strategies for intangible assets |
| Бага гарчгийн мэдээ | how to manage and measure your company's brand, patents, intellectual property, and other sources of value |
| Оролцогчдын тухай мэдээ | John Berry. |
| 260 ## - ГАРАЛТЫН МЭДЭЭ | |
| Хэвлэгдсэн газар | New York : |
| Хэвлэлийн газар | McGraw-Hill, |
| Хэвлэгдсэн он | 2004 |
| 300 ## - МАТЕРИАЛЫН ТОДОРХОЙЛОЛТ | |
| хуудасны тоо | ix, 325 p. : |
| Бусад тоон мэдээлэл | ill. ; |
| Хэмжээ | 24 cm |
| 500 ## - Тайлбар | |
| Дансны дугаар | БС 1914 |
| 546 ## - ХЭЛНИЙ ТУХАЙ МЭДЭЭ | |
| Хэл | Англи хэл дээр, |
| 653 ## - Түлхүүр үг | |
| Түлхүүр үг | intangible property |
| 653 ## - Түлхүүр үг | |
| Түлхүүр үг | management. |
| 653 ## - Түлхүүр үг | |
| Түлхүүр үг | intangible property |
| 653 ## - Түлхүүр үг | |
| Түлхүүр үг | valuation |
| 740 ## - НОМЫН ГАРЧИГ | |
| Гарчиг | Introduction: basic questions about the nature of intangibles |
| 740 ## - НОМЫН ГАРЧИГ | |
| Гарчиг | Toward definitional crarity |
| 740 ## - НОМЫН ГАРЧИГ | |
| Гарчиг | Reporting gaap |
| 740 ## - НОМЫН ГАРЧИГ | |
| Гарчиг | Reporting gaap |
| 740 ## - НОМЫН ГАРЧИГ | |
| Гарчиг | It stands for intangible technology |
| 942 ## - ЭЛЕМЕНТИЙН ТӨРӨЛ | |
| Зүйлийн төрөл | Ном |
